La social democracia en el Partido Liberación Nacional

Guardado en:
Bibliografiske detaljer
Hovedforfatter: Chavarría López, Mayra
Format: Texto
Udgivet: C. U. Rodrigo Facio :
Tags: Tilføj Tag
Ingen Tags, Vær først til at tagge denne postø!

MARC

LEADER 00000 a a2200000 04500
001 16450
003
040
090 |a 012300  
100 |a Chavarría López, Mayra  
245 |a La social democracia en el Partido Liberación Nacional  
260 |a C. U. Rodrigo Facio :  
300 |a 14 p.  
999 |c 16898  |d 16898